01003cam a22002775a 4500001001000000003000400010005001700014008004100031020001800072020001500090040003600105082002200141100003100163245008300194250003100277260004400308300003600352504005300388650004300441651001000484653002700494700002100521942000800542999001700550952015800567016201289OSt20170215120233.0130619t2013 njua frb 001 0 eng d a9780205911844 a0205911846 aIiNdDKAbengcIiNdDKAdEG-ScBUE04222a618.9289bNEL1 aWicks-Nelson, Rita,d1933-10aAbnormal child and adolescent psychology /cRita Wicks-Nelson, Allen C. Israe. a8th ed., International ed. aUpper Saddle River :bPearson,cc.2013. axxvii, 548 p. :bill. ;c26 cm. aIncludes bibliographical references and indexes. 0aBehavior disorders in children.2BUEsh 2BUEsh bHHUUPPSScFebruary20171 aIsrael, Allen C. 2ddc c24151d24123 00102ddc40708BaccahaMAINbMAINc1STd2017-02-14ePurchaseg425.00h27449l2m3o618.9289 NELp000045461r2025-07-15 00:00:00s2020-02-26v531.25yBB